|
|
|
|
| LEADER |
00000cam a2200000 c 4500 |
| 001 |
239238591 |
| 003 |
DE-627 |
| 005 |
20260206202256.0 |
| 007 |
tu |
| 008 |
980127s1997 au ||||| 00| ||ger c |
| 015 |
|
|
|a 98,N08,0892
|2 dnb
|
| 015 |
|
|
|a 98,N08,0892
|2 dnb
|
| 016 |
7 |
|
|a 950429732
|2 DE-101
|
| 020 |
|
|
|a 3205985184
|9 3-205-98518-4
|
| 024 |
3 |
|
|a 9783205985181
|
| 035 |
|
|
|a (DE-627)239238591
|
| 035 |
|
|
|a (DE-603)05584412X
|
| 035 |
|
|
|a (DE-576)061849545
|
| 035 |
|
|
|a (DE-599)GBV239238591
|
| 035 |
|
|
|a (OCoLC)237353518
|
| 035 |
|
|
|a (OCoLC)237353518
|
| 035 |
|
|
|a (OCoLC)39306173
|
| 035 |
|
|
|a (DE-604)8117669873
|
| 040 |
|
|
|a DE-627
|b ger
|c DE-627
|e rakwb
|
| 041 |
|
|
|a ger
|
| 044 |
|
|
|c XA-AT
|c XA-DE
|
| 084 |
|
|
|a 64
|2 sdnb
|
| 084 |
|
|
|a 64
|a 50
|2 sdnb
|
| 084 |
|
|
|a LB 61000
|2 rvk
|0 (DE-625)rvk/90578:772
|
| 084 |
|
|
|a LB 61160
|2 rvk
|0 (DE-625)rvk/90578:821
|
| 084 |
|
|
|a 76.30
|2 bkl
|
| 084 |
|
|
|a 71.59
|2 bkl
|
| 090 |
|
|
|a a
|
| 100 |
1 |
|
|a Zollinger, Manfred
|d 1956-
|0 (DE-588)121035344
|0 (DE-627)081044267
|0 (DE-576)292507976
|4 aut
|
| 109 |
|
|
|a Zollinger, Manfred 1956-
|
| 245 |
1 |
0 |
|a Geschichte des Glücksspiels
|b vom 17. Jahrhundert bis zum Zweiten Weltkrieg
|c Manfred Zollinger
|
| 264 |
|
1 |
|a Wien
|a Köln
|a Weimar
|b Böhlau
|c 1997
|
| 300 |
|
|
|a 407 S.
|b Ill.
|c 25 cm
|
| 336 |
|
|
|a Text
|b txt
|2 rdacontent
|
| 337 |
|
|
|a ohne Hilfsmittel zu benutzen
|b n
|2 rdamedia
|
| 338 |
|
|
|a Band
|b nc
|2 rdacarrier
|
| 500 |
|
|
|a Literaturverz. S. 377 - 405
|
| 505 |
8 |
|
|a Literaturverz. S. 378 - 405
|
| 583 |
1 |
|
|a Archivierung prüfen
|c 20240324
|f DE-4165
|z 3
|2 pdager
|
| 648 |
|
7 |
|a Sozialgeschichte 1600-1939
|2 gnd
|
| 648 |
|
4 |
|a Sozialgeschichte 1600-1939
|
| 689 |
0 |
0 |
|d g
|0 (DE-588)4043271-3
|0 (DE-627)10420317X
|0 (DE-576)209054964
|a Österreich
|2 gnd
|
| 689 |
0 |
1 |
|d s
|0 (DE-588)4021329-8
|0 (DE-627)104427140
|0 (DE-576)208937269
|a Glücksspiel
|2 gnd
|
| 689 |
0 |
2 |
|a z
|2 gnd
|a Sozialgeschichte 1600-1939
|
| 689 |
0 |
|
|5 DE-101
|
| 856 |
4 |
2 |
|u https://swbplus.bsz-bw.de/bsz061849545inh.htm
|m B:DE-576;DE-352
|q application/pdf
|v 20110209111809
|x Verlag
|3 Inhaltsverzeichnis
|7 1
|
| 856 |
4 |
2 |
|u http://scans.hebis.de/HEBCGI/show.pl?05584412_toc.pdf
|m V:DE-576;B:DE-352
|q application/pdf
|3 Inhaltsverzeichnis
|7 1
|
| 889 |
|
|
|w (DE-627)280302746
|
| 935 |
|
|
|a mkri
|
| 935 |
|
|
|i sf
|
| 935 |
|
|
|i Blocktest
|
| 935 |
|
|
|h HEB
|i 0501
|
| 935 |
|
|
|h HEB
|i 0503
|
| 936 |
r |
v |
|a LB 61000
|b Darstellung ohne geografischen Bezug
|k Sozial- und Kulturanthropologie. Empirische Kulturwissenschaft
|k Rituale und Bräuche
|k Spiel und Sport, Unterhaltung
|k Darstellung ohne geografischen Bezug
|0 (DE-627)1270921002
|0 (DE-625)rvk/90578:772
|0 (DE-576)200921002
|
| 936 |
r |
v |
|a LB 61160
|b Österreich
|k Sozial- und Kulturanthropologie. Empirische Kulturwissenschaft
|k Rituale und Bräuche
|k Spiel und Sport, Unterhaltung
|k Europa
|k Mitteleuropa
|k Alpenregion
|k Österreich
|0 (DE-627)1271489015
|0 (DE-625)rvk/90578:821
|0 (DE-576)201489015
|
| 936 |
b |
k |
|a 76.30
|j Spiele
|0 (DE-627)106420887
|
| 936 |
b |
k |
|a 71.59
|j Kultursoziologie: Sonstiges
|0 (DE-627)106407775
|
| 936 |
s |
n |
|a l100
|2 mzub
|
| 936 |
s |
n |
|a n100
|2 mzub
|
| 936 |
s |
n |
|a z300
|2 mzub
|
| 951 |
|
|
|a BO
|
| ELC |
|
|
|b 1
|
| LOK |
|
|
|0 000 xxxxxcx a22 zn 4500
|
| LOK |
|
|
|0 001 3211119337
|
| LOK |
|
|
|0 003 DE-627
|
| LOK |
|
|
|0 004 239238591
|
| LOK |
|
|
|0 005 20100407083306
|
| LOK |
|
|
|0 008 050309||||||||||||||||ger|||||||
|
| LOK |
|
|
|0 040
|a DE-21-52
|c DE-627
|d DE-21-52
|
| LOK |
|
|
|0 541
|e 98/46
|
| LOK |
|
|
|0 689
|a s
|0 1310883742
|a Glücksspiel
|
| LOK |
|
|
|0 852
|a DE-21-52
|
| LOK |
|
|
|0 852 1
|c Ap 619
|m p
|9 00
|
| LOK |
|
|
|0 935
|a k052
|
| LOK |
|
|
|0 938
|k p
|
| LOK |
|
|
|0 939
|a 09-03-05
|b l01
|
| LOK |
|
|
|0 000 xxxxxcx a22 zn 4500
|
| LOK |
|
|
|0 001 3211120092
|
| LOK |
|
|
|0 003 DE-627
|
| LOK |
|
|
|0 004 239238591
|
| LOK |
|
|
|0 005 19980113000000
|
| LOK |
|
|
|0 008 971017||||||||||||||||ger|||||||
|
| LOK |
|
|
|0 040
|a DE-Frei85
|c DE-627
|d DE-Frei85
|
| LOK |
|
|
|0 852
|a DE-Frei85
|
| LOK |
|
|
|0 852 1
|m p
|9 00
|
| LOK |
|
|
|0 938
|k p
|
| LOK |
|
|
|0 939
|a 17-10-97
|b l01
|
| ORI |
|
|
|a SA-MARC-krimdoka001.raw
|
| TIM |
|
|
|a 100016000101_100019391231
|b Sozialgeschichte 1600-1939
|